Communication for development and social change (Record no. 1389039)

MARC details
000 -LEADER
fixed length control field 00538nam a2200193Ia 4500
005 - DATE AND TIME OF LATEST TRANSACTION
control field 20250508164422.0
008 - FIXED-LENGTH DATA ELEMENTS--GENERAL INFORMATION
fixed length control field 008 250505s9999 xx 000 0 eng d
037 ## - SOURCE OF ACQUISITION
Stock number Textual
040 ## - CATALOGING SOURCE
Original cataloging agency FEDL
Language of cataloging eng
Transcribing agency FEDL
041 ## - LANGUAGE CODE
Language code of text/sound track or separate title eng
Source of code eng
084 ## - COLON CLASSIFICATION NUMBER
Classification number 338.9, SER
Assigning agency FEDL
100 ## - MAIN ENTRY--PERSONAL NAME
Personal name Servaes Jan Ed.
9 (RLIN) 21398
245 #0 - TITLE STATEMENT
Title Communication for development and social change
260 ## - PUBLICATION, DISTRIBUTION, ETC.
Place of publication, distribution, etc. Los Angeles
Name of publisher, distributor, etc. Sage Publications
Date of publication, distribution, etc. 2008
300 ## - PHYSICAL DESCRIPTION
Extent 428p.
365 ## - TRADE PRICE
Price type code INR
Price amount 690
942 ## - ADDED ENTRY ELEMENTS (KOHA)
Koha item type Textual
Classification part 338.9, SER
Holdings
Withdrawn status Lost status Damaged status Not for loan Home library Current library Date acquired Cost, normal purchase price Total Checkouts Full call number Barcode Date last seen Price effective from Koha item type
        Department of Education Library Department of Education Library 2025-05-08 690.00   338.9, SER EL0082664 2025-05-08 2025-05-08 Textual
Copyright @ Delhi University Library System